O terrorismo explicado aos jovens... e aos outros (Registo nº 696)

Detalhes MARC
000 -Etiqueta do registo
Cabeçalho 00881cam a2200325 4500
005 - Identificador da versão
Campo de controlo 20240813121810.0
010 ## - Número internacional normalizado dos livros (ISBN)
Número (ISBN) 9727103022
021 ## - Número do Depósito Legal
Código do país PT
Número 173532/01
035 ## - Other System Control Numbers
System Control Number 0000726
System Control Number 0000721
System Control Number 0000721
System Control Number 0000709
100 ## - Dados gerais de processamento
Dados gerais de processamento 20020506d2002 am y0pory5003 ba
102 ## - Pais de publicação ou produção
País de publicação Portugal
101 0# - Língua de publicação
Língua do texto, banda sonora, etc. Português
106 ## - Campo de dados codificados: material textual
Dados codificados do material textual r
105 ## - Campo de dados codificados: livros
Dados codificados dos livros y z 001yy
215 ## - Descrição física 
Indicação específica da natureza do documento e extensão da espécie 86, [1] p.
Dimensões 20 cm
200 1# - Titulo e menção de responsabilidade
Título próprio O terrorismo explicado aos jovens... e aos outros
Primeira menção de responsabilidade José Jorge Letria
225 2# - Colecção 
Título próprio da colecção Caminhos da liberdade
Indicação de volume 12
205 ## - Menção da edição
Menção da edição 1ª ed
210 ## - Publicação, Distribuição, etc. 
Lugar da edição, distribuição, etc. Lisboa
Nome do editor, distribuidor, etc. Terramar
Data da publicação, distribuição, etc. 2002
606 ## - Nome comum usado como assunto
Número de registo de entrada de autoridade 0000925
Palavra de ordem Terrorismo
Subdivisão de assunto [Publicações juvenis]
675 ## - Classificação Decimal Universal (CDU)
Notação 343.3
Edição BN
Língua da edição por
Notação 323.2
Edição BN
Língua da edição por
Notação 821.134.3-94"19"
Edição BN
Língua da edição por
Edição BN
Língua da edição por
700 #1 - Nome de autor-pessoa física (responsabilidade principal)
Número de registo de entrada de autoridade 0000712
Palavra de ordem Letria
Outra parte do nome não tomada para palavra de ordem José Jorge
Datas 1951-
942 ## - Elementos de entrada adicionados (Koha)
Tipo de item no Koha Livro
Exemplares
Situação do levantamento Origin of item (home branch) (coded) Biblioteca de empréstimo Código de barras Circulation type (not for loan) Tipo de documento Nota do exemplar Damaged status
  Biblioteca Escolar Eng. Nuno Mergulhão Biblioteca Escolar Eng. Nuno Mergulhão BENM1184   Livro Sem mensagem